Integración de la América Latina (Record no. 37557)
[ view plain ]
| 000 -CABECERA | |
|---|---|
| Campo de control de longitud fija | 00642nam#a2200205#c#4500 |
| 003 - IDENTIFICADOR DE NÚMERO DE CONTROL | |
| Campo de control | IEF |
| 005 - FECHA Y HORA DE LA ÚLTIMA TRANSACCIÓN | |
| Campo de control | 20250529192240.0 |
| 007 - CAMPO FIJO DE DESCRIPCIÓN FÍSICA - INFORMACIÓN GENERAL | |
| campo de control de longitud fija | ta |
| 008 - CAMPO FIJO DE DESCRIPCIÓN FIJA - INFORMACIÓN GENERAL | |
| Campo de control de longitud fija | 941031s1964 mx fr | 0||u|spa |u |
| 040 ## - FUENTE DE LA CATALOGACIÓN | |
| Centro catalogador de origen | ES-MaIEF |
| Lengua de catalogación | spa |
| Centro transcriptor | ES-MaIEF |
| 245 #0 - MENCIÓN DE TÍTULO | |
| Título | Integración de la América Latina |
| Parte restante del título | experiencias y perspectivas |
| Mención de responsabilidad, etc. | volumen preparado por Miguel S. Wionczek... [et al.] |
| 260 ## - PUBLICACIÓN, DISTRIBUCIÓN, ETC (PIE DE IMPRENTA) | |
| Lugar de publicación, distribución, etc. | México [etc.] |
| Nombre del editor, distribuidor, etc. | FCE |
| Fecha de publicación, distribución, etc. | [1964] |
| 300 ## - DESCRIPCIÓN FÍSICA | |
| Extensión | XXXI, 381 p., 1 h. |
| Dimensiones | 21 cm |
| 490 ## - MENCIÓN DE SERIE | |
| Mención de serie | Sección de Obras de Economía |
| 650 #4 - PUNTO DE ACCESO ADICIONAL DE MATERIA - TÉRMINO DE MATERIA | |
| Término de materia o nombre geográfico como elemento inicial | AMERICA LATINA |
| 9 (RLIN) | 25729 |
| 650 #4 - PUNTO DE ACCESO ADICIONAL DE MATERIA - TÉRMINO DE MATERIA | |
| Término de materia o nombre geográfico como elemento inicial | INTEGRACION ECONOMICA |
| 9 (RLIN) | 47497 |
| 700 ## - PUNTO DE ACCESO ADICIONAL- NOMBRE DE PERSONA | |
| 9 (RLIN) | 46656 |
| Nombre de persona | Wionczek, Miguel S. |
| 942 ## - ELEMENTOS KOHA | |
| Koha tipo de item | Libros |
| Suprimido | Perdido | Estropeado | No se presta | Localización (Biblioteca) | Fecha de adquisición | Koha signatura completa | Designación de pieza (código de barras) | Koha Fecha de último uso | Precio efectivo desde | Koha tipo de item |
|---|---|---|---|---|---|---|---|---|---|---|
| Disponible para préstamo | IEF | 1994-10-31 | 4371 | 4371 | 2018-02-19 | 2018-02-19 | Libros |